Sports Quiz

Random Sports Quiz

NASCAR Monster Energy Cup Series Drivers 2017 Quiz Stats

 Plays Quiz not verified by Sporcle

Also try: MLB Stadium Game
Challenge
Share
Tweet
Embed
Score 0/35 Timer 10:00
0 Plays Today
Hint Answer % Correct
#1, McDonald's, CessnaJamie McMurray
89.3%
#4, Jimmy Johns, BuschKevin Harvick
87.9%
#18, M&M's, Skittles, Interstate BatteriesKyle Busch
87.9%
#22, Shell, Penzoil, AAAJoey Logano
87.9%
#11, FedExDenny Hamlin
87.1%
#2, Miller Lite, AutotraderBrad Keselowski
85.7%
#3, DOW ChemicalAustin Dillon
85.7%
#10, Nature's Bakery, Aspen DentalDanica Patrick
85.7%
#20, Dollar General, DewaltMatt Kenseth
84.3%
#88, Nationwide, National Guard, Mountain DewDale Earnhardt Jr
84.3%
#41, Monster Energy, HaasKurt Busch
83.6%
#5, Farmers InsuranceKasey Kahne
82.1%
#14, Mobil 1, HaasClint Bowyer
81.4%
#24, NAPA, Sun Energy 1, Kelley Blue Book, 3MChase Elliott
81.4%
#6, AdvocareTrevor Bayne
80.7%
#13, GEICOTy Dillon
80.7%
#17, Best Buy, ZestRicky Stenhouse Jr
80.7%
#21, Quick LaneRyan Blaney
80.7%
Hint Answer % Correct
#27, Menards, ValvolinePaul Menard
80.7%
#42, TargetKyle Larson
80.7%
#78, Furniture Row, Bass Pro ShopsMartin Truex Jr
80.7%
#19, ArrisDaniel Suarez
80%
#48, LowesJimmie Johnson
80%
#31, Caterpillar, Quicken LoansRyan Newman
76.4%
#77, 5-Hour Energy, Sirius XMErik Jones
73.6%
#38, Camping World, Good SamDavid Ragan
69.3%
#43, SmithfieldAric Almirola
67.9%
#95, Thrivent Financial, K LoveMichael McDowell
67.9%
#47, Kingsford, KrogerAJ Allmendinger
67.1%
#37, CottonelleChris Buescher
61.4%
#34, LovesLandon Cassill
55.7%
#72, Florida LotteryCole Whitt
52.9%
#32, Can-AmMatt DiBenedetto
52.1%
#23, Dr PepperJoey Gase
36.4%
#33, StarterJeffery Earnhardt
35.7%

You're not logged in!

Compare scores with friends on all Sporcle quizzes.
Join for Free
OR
Log In

You Might Also Like...

Show Comments

Extras

Top Quizzes Today


Score Distribution

Your Account Isn't Verified!

In order to create a playlist on Sporcle, you need to verify the email address you used during registration. Go to your Sporcle Settings to finish the process.

Report this User

Report this user for behavior that violates our Community Guidelines.

Details: